000 00450nam a22001817a 4500
003 MPLRDC
005 20220104143940.0
008 210129b ||||| |||| 00| 0 eng d
020 _a7-81003-727-7
082 _a528.972 ZJB
100 _a蒋玉昆传授
245 _a健身太极拳
_c张金普整理
250 _a初版
260 _a
_b北京体育大学出版社
_c1993
300 _b
650 _a太极拳
942 _cBK
_o528.972 ZJB
999 _c44932
_d44922